000 00859nas a2200301 4500
001 BR2014003464
003 BR-BrBNA
005 20231205124105.0
007 ta
008 230509b bl.|||p| |||| 00| 00por d
040 _aBR-BrBNA
_bpor
_cBiblioteca Nacional de Agricultura
041 _a(Pt)
072 _aF02
100 1 _aPetry, H.B.
100 1 _aHeintze, W.
100 1 _aSchwarz, S.F.
100 1 _aSouza, P.V.D. de
100 1 _aSchäfer, G.
245 1 _aPropagação de jasmim-do-imperador por estaquia
650 _aJASMIM
650 _aESTACA
650 _aPROPAGAÇÃO VEGETATIVA
650 _aENRAIZAMENTO
650 _aÁCIDO INDOLBUTÍRICO
773 0 _tPesquisa Agropecuária Gaúcha (Brazil)
_xISSN 0104-9070
_g(2012), v. 18(1) p. 53-57
_wBR2014003464
909 _a202311
_bLúcia
_c55
_dLúcia Elande
942 _2AGRIS
_n0
_cANA
999 _c237246
_d237246